[Event "Khanty-Mansiysk Governor Cup 7th"]
[Site "Khanty-Mansiysk"]
[Date "2011.09.02"]
[Round "3"]
[White "Mirovalov, Tagir"]
[Black "Limar, Dmitry"]
[Result "1/2-1/2"]
[WhiteElo "2281"]
[BlackElo "1982"]
[PlyCount "95"]
[EventDate "2011.08.31"]
[EventType "swiss"]
[EventRounds "9"]
[EventCountry "RUS"]
[SourceTitle "CBM 144 Extra"]
[Source "ChessBase"]
[SourceDate "2011.10.28"]
[SourceVersion "1"]
[SourceVersionDate "2011.10.28"]
[SourceQuality "1"]

1. Nf3 d6 2. d4 Bg4 3. c4 Bxf3 4. exf3 c6 5. f4 g6 6. Nc3 Bg7 7. Be3 Nf6 8. Be2 0-0 9. h4 d5 10. h5 dxc4 11. hxg6 hxg6 12. Bxc4 Nbd7 13. Qf3 Nb6 14. Bb3 Nbd5 15. f5 Nxc3 16. bxc3 Qa5 17. fxg6 Qxc3+ 18. Ke2 Qb2+ 19. Bd2 Nd5 20. Bxd5 cxd5 21. Qxd5 Qxd4 22. gxf7+ Rxf7 23. Qxd4 Bxd4 24. Raf1 Rd8 25. f3 Rf6 26. Rc1 Re6+ 27. Kf1 Bb2 28. Rc2 Bc1 29. Be1 Bg5 30. Rh5 Bf6 31. a4 Rd1 32. Re2 Rxe2 33. Kxe2 Ra1 34. a5 Ra2+ 35. Kf1 Rb2 36. Rd5 Kf7 37. Rd2 Rb1 38. Ke2 Bc3 39. Rd1 Rb2+ 40. Kf1 Bxe1 41. Rxe1 Rb5 42. Ra1 e5 43. Ke2 Rb2+ 44. Ke3 Ke6 45. g4 Rb3+ 46. Ke4 Rb4+ 47. Ke3 Rb3+ 48. Ke4 1/2-1/2

[Event "Khanty-Mansiysk Governor Cup 6th"]
[Site "Khanty-Mansiysk"]
[Date "2010.09.18"]
[Round "2"]
[White "Pranizin, Gennady"]
[Black "Mirovalov, Tagir"]
[Result "1-0"]
[WhiteElo "2162"]
[BlackElo "2349"]
[PlyCount "129"]
[EventDate "2010.09.17"]
[EventType "swiss"]
[EventRounds "10"]
[EventCountry "RUS"]
[SourceTitle "CBM 138 Extra"]
[Source "ChessBase"]
[SourceDate "2010.10.29"]
[SourceVersion "1"]
[SourceVersionDate "2010.10.29"]
[SourceQuality "1"]

1. e4 e5 2. Nf3 Nc6 3. Bb5 a6 4. Ba4 d6 5. c3 Bd7 6. d4 Nge7 7. Bb3 h6 8. 0-0 Ng6 9. Nbd2 Be7 10. Nc4 Bg5 11. Nxg5 hxg5 12. Qf3 Nf4 13. Bxf4 gxf4 14. dxe5 dxe5 15. Rad1 Qh4 16. h3 0-0-0 17. Rd5 f6 18. Rfd1 g5 19. Qd3 Qh7 20. Na3 Qe7 21. Ba4 Nb8 22. Bxd7+ Rxd7 23. Rxd7 Nxd7 24. f3 Nc5 25. Qc4 Rd8 26. Rxd8+ Kxd8 27. Kf1 Qd6 28. Ke2 b5 29. Qd5 Ke7 30. Qxd6+ Kxd6 31. b3 Ne6 32. b4 c5 33. Nc2 Nc7 34. Kf2 Na8 35. bxc5+ Kxc5 36. Nb4 Nc7 37. Ke2 a5 38. Nd3+ Kc4 39. Kd2 b4 40. Nb2+ Kb5 41. Kd3 Ne6 42. Nd1 Nc5+ 43. Kc2 Na4 44. cxb4 Kxb4 45. Nf2 Nc5 46. Ng4 Nd7 47. Kb2 a4 48. a3+ Kc4 49. Kc1 Kd4 50. Kd2 Nb6 51. Nxf6 Nc4+ 52. Kc1 Nxa3 53. Nh7 Kc3 54. Nxg5 Nc2 55. Ne6 a3 56. Kb1 Ne3 57. h4 Nxg2 58. h5 Nh4 59. h6 Ng6 60. h7 Nh8 61. Nf8 Kb4 62. Nd7 Kb5 63. Nxe5 Kc5 64. Nd3+ Kd4 65. Nxf4 1-0

[Event "Khanty-Mansiysk Governor Cup 6th"]
[Site "Khanty-Mansiysk"]
[Date "2010.09.17"]
[Round "1"]
[White "Mirovalov, Tagir"]
[Black "Klepikov, Nikita"]
[Result "1-0"]
[WhiteElo "2349"]
[BlackElo "1883"]
[PlyCount "159"]
[EventDate "2010.09.17"]
[EventType "swiss"]
[EventRounds "10"]
[EventCountry "RUS"]
[SourceTitle "CBM 138 Extra"]
[Source "ChessBase"]
[SourceDate "2010.10.29"]
[SourceVersion "1"]
[SourceVersionDate "2010.10.29"]
[SourceQuality "1"]

1. Nf3 Nf6 2. c4 g6 3. Nc3 Bg7 4. e4 d6 5. d4 0-0 6. Be2 e5 7. 0-0 Nc6 8. d5 Ne7 9. b4 Ne8 10. c5 f5 11. Ng5 h6 12. Ne6 Bxe6 13. dxe6 fxe4 14. Bc4 Nf6 15. cxd6 cxd6 16. Nd5 Nexd5 17. Bxd5 Nxd5 18. Qxd5 Qe7 19. Rd1 b6 20. a4 Rad8 21. a5 Rf6 22. Be3 Qxe6 23. axb6 Qxd5 24. Rxd5 axb6 25. Bxb6 Rc8 26. b5 Bf8 27. Be3 Rf7 28. b6 Rb7 29. Rda5 Rcb8 30. g4 Rxb6 31. Bxb6 Rxb6 32. Ra8 g5 33. Rd8 Rb7 34. Raa8 Rf7 35. Rxd6 Kh7 36. Rd5 Bg7 37. Rad8 Re7 38. R5d6 Rb7 39. R8d7 Rb8 40. Re6 Kh8 41. Ree7 Rg8 42. Kf1 Kh7 43. Rxe5 Kh8 44. Ree7 Kh7 45. Rxe4 Kh8 46. Ree7 Kh7 47. Ke2 Kg6 48. Re6+ Bf6 49. Ke3 Rf8 50. Ke4 Rg8 51. Rc7 Rd8 52. Ke3 Ra8 53. Rcc6 Rf8 54. Ke4 Kg7 55. Rc7+ Kg6 56. Rec6 Rd8 57. Ke3 Re8+ 58. Kf3 Rd8 59. Re6 Rd3+ 60. Re3 Rd4 61. Re4 Rd3+ 62. Kg2 Rd8 63. Rc6 Kg7 64. Re3 Rf8 65. Rf3 Kg6 66. Rf5 Kg7 67. Kf3 Kg6 68. Re6 Kg7 69. Ke4 Kg6 70. Kf3 Kg7 71. Kg2 Kg6 72. h4 gxh4 73. Rfxf6+ Rxf6 74. Rxf6+ Kxf6 75. f4 Kg6 76. Kh3 h5 77. g5 Kf5 78. Kxh4 Kg6 79. f5+ Kg7 80. Kxh5 1-0

[Event "Tiumen UrFO-ch op"]
[Site "Tiumen"]
[Date "2009.05.07"]
[Round "4"]
[White "Bezgodov, Alexei"]
[Black "Mirovalov, Tagir"]
[Result "1-0"]
[WhiteElo "2474"]
[BlackElo "2372"]
[PlyCount "79"]
[EventDate "2009.05.04"]
[EventType "swiss"]
[EventRounds "9"]
[EventCountry "RUS"]
[SourceTitle "EXT 2010"]
[Source "ChessBase"]
[SourceDate "2010.11.25"]
[SourceVersion "1"]
[SourceVersionDate "2010.11.25"]
[SourceQuality "1"]

1. e4 e5 2. Nf3 Nc6 3. Bb5 a6 4. Ba4 d6 5. c3 Bd7 6. d4 Nge7 7. Bb3 h6 8. Qd3 g6 9. Qc4 Rh7 10. Qd3 Ng8 11. 0-0 Be7 12. Nbd2 Bg5 13. Nc4 Qe7 14. Be3 0-0-0 15. d5 Nb8 16. Nb6+ cxb6 17. Qc4+ Bc6 18. Bxb6 Re8 19. a4 f5 20. exf5 gxf5 21. Rfe1 Nf6 22. dxc6 bxc6 23. a5 Nfd7 24. Ba7 d5 25. Qa4 e4 26. Nd4 Nc5 27. Bxc5 Qxc5 28. Nxf5 Rf7 29. Nd4 Ref8 30. Re2 Rxf2 31. Rxf2 Be3 32. Ne6 Bxf2+ 33. Kh1 Qd6 34. Nxf8 Qxf8 35. Rf1 e3 36. Bd1 Kc7 37. Qd4 Nd7 38. Be2 Qd6 39. Qa7+ Kd8 40. Qxa6 1-0

[Event "Khanty-Mansiysk Governor Cup"]
[Site "Khanty-Mansiysk"]
[Date "2007.11.29"]
[Round "9"]
[White "Mirovalov, Tagir"]
[Black "Ovetchkin, Roman"]
[Result "0-1"]
[WhiteElo "2400"]
[BlackElo "2557"]
[PlyCount "60"]
[EventDate "2007.11.21"]
[EventType "swiss"]
[EventRounds "9"]
[EventCountry "RUS"]
[SourceTitle "CBM 121 Extra"]
[Source "ChessBase"]
[SourceDate "2008.01.10"]
[SourceVersion "1"]
[SourceVersionDate "2008.01.10"]
[SourceQuality "1"]

1. Nf3 d5 2. d4 Nf6 3. c4 e6 4. Nc3 Nbd7 5. Bg5 Bb4 6. Qb3 c5 7. e3 Qa5 8. cxd5 exd5 9. Bxf6 c4 10. Bd8 Kxd8 11. Qc2 Nf6 12. Nd2 Re8 13. Be2 g6 14. 0-0 Bf5 15. e4 Bxc3 16. bxc3 Bxe4 17. Nxe4 Nxe4 18. Bf3 Nxc3 19. Qc1 Kd7 20. Qf4 f5 21. Rae1 Rxe1 22. Rxe1 Ne4 23. Rb1 Qc7 24. Qh4 Kc6 25. Bxe4 fxe4 26. Qf6+ Qd6 27. Qf7 b5 28. Rxb5 Kxb5 29. Qb7+ Ka4 30. Qxa8 Qb6 0-1

[Event "Khanty-Mansiysk Governor Cup"]
[Site "Khanty-Mansiysk"]
[Date "2007.11.22"]
[Round "2"]
[White "Gnydka, Yaroslav"]
[Black "Mirovalov, Tagir"]
[Result "1/2-1/2"]
[WhiteElo "2105"]
[BlackElo "2400"]
[PlyCount "59"]
[EventDate "2007.11.21"]
[EventType "swiss"]
[EventRounds "9"]
[EventCountry "RUS"]
[SourceTitle "CBM 121 Extra"]
[Source "ChessBase"]
[SourceDate "2008.01.10"]
[SourceVersion "1"]
[SourceVersionDate "2008.01.10"]
[SourceQuality "1"]

1. e4 e5 2. Nf3 Nc6 3. Bb5 a6 4. Ba4 d6 5. d4 b5 6. Bb3 Nxd4 7. Nxd4 exd4 8. a4 Bb7 9. axb5 axb5 10. Rxa8 Bxa8 11. Qxd4 c5 12. Qc3 Nf6 13. 0-0 Be7 14. Bd5 Nxd5 15. exd5 0-0 16. Qd3 Bf6 17. b3 Re8 18. Na3 b4 19. Nc4 Bd4 20. Be3 Bxd5 21. Bxd4 cxd4 22. Qxd4 Qg5 23. g3 Bxc4 24. bxc4 Re6 25. Qb6 h5 26. Rd1 h4 27. Qb8+ Kh7 28. Qb7 Qg4 29. Qd5 g6 30. f3 1/2-1/2